Normal view
MARC view
Entry Personal Name
001 - CONTROL NUMBER
- control field: 45345
003 - CONTROL NUMBER IDENTIFIER
- control field: OSt
005 - DATE AND TIME OF LATEST TRANSACTION
- control field: 20230601125327.0
008 - FIXED-LENGTH DATA ELEMENTS
- fixed length control field: 230601|| aca||aabn | a|a d
040 ## - CATALOGING SOURCE
- Original cataloging agency: OSt
- Transcribing agency: OSt
100 ## - HEADING--PERSONAL NAME
- Personal name: Mondal, S. K
670 ## - SOURCE DATA FOUND
- Source citation: Work cat.: (OSt)61092: Theraja, B. L. 45343, A textbook of electrical technology, 2023
